00577nam a22001577a 4500003000400000008004100004020001800045100001900063245007600082260005000158300001000208650002500218942001200243999001700255952014700272OSt250212b |||||||| |||| 00| 0 eng d a9788197818462 aSHARMA, Shreya aFoundations of Virtue : Exploring human ethics across time and society  aNew Delhi:bNaples Indian Publication:c2024. a400p. aFaculty Publication  2ddccBK c13128d13128 00102ddc40708Faculty PublicationaPIETbPIETd2025-02-14eNaples IndiafINRg800.00l0p38712r2025-02-14 00:00:00v800.00w2025-02-04yBK